000 00500nam a2200169Ia 4500
999 _c14449
_d14449
082 _aRH.0031
100 _aHazra, Jayati
245 0 _aGeo-ecological evaluation of salt lake city
260 _c1991
_bICSSR, New Delhi
300 _a125
650 _aHUMAN SETTLEMENTS - WEST BENGAL - CALCUTTA
650 _aCALCUTTA - GEOGRAPHY
650 _aPUBLIC HEALTH - WEST BENGAL - CALCUTTA
650 _aLAND USE, URBAN - WEST BENGAL - CALCUTTA
710 _aUniversity of Calcutta
942 _cRP
_2ddc